Una carta de D. Mariano Lagasca / (Record no. 88093)

MARC details
000 -LEADER
campo de control de longitud fija 00617nam a2200193 i 4500
001 - NÚMERO DE CONTROL
campo de control 88093
003 - IDENTIFICADOR DE NÚMERO DE CONTROL
campo de control ES-MaACL
005 - FECHA Y HORA DE LA ÚLTIMA TRANSACCIÓN
campo de control 20230906175812.0
007 - CAMPO FIJO DE DESCRIPCIÓN FÍSICA--INFORMACIÓN GENERAL
campo de control de longitud fija t|
008 - DATOS DE LONGITUD FIJA--INFORMACIÓN GENERAL
campo de control de longitud fija 050103s1950 sp ||||1| spa d
100 1# - ENTRADA PRINCIPAL--NOMBRE DE PERSONA
Nombre de persona La Gasca y Segura, Mariano,
Fechas asociadas al nombre 1776-1839
9 (RLIN) 69152
245 14 - MENCIÓN DEL TÍTULO
Título Una carta de D. Mariano Lagasca /
Mención de responsabilidad, etc. por Eduardo Balguerias.
260 ## - PUBLICACIÓN, DISTRIBUCIÓN, ETC.
Lugar de publicación, distribución, etc. Madrid :
Nombre del editor, distribuidor, etc. [s.n.,
Fecha de publicación, distribución, etc. 1950]
300 ## - DESCRIPCIÓN FÍSICA
Extensión 5 h., 2 lám. ;
Dimensiones 25 cm.
500 ## - NOTA GENERAL
Nota general Es separata de: Anales de Jardín Botánico, T. X, p. 121-127.
700 1# - ENTRADA AGREGADA--NOMBRE PERSONAL
Nombre de persona Balguerias, Eduardo.
9 (RLIN) 24933
852 ## - LOCALIZACIÓN
Ubicación ES-MaACL
Número de control de estantería 1950-F-18
Sublocalización o colección R.34231
Holdings
Estatus retirado Estado de pérdida Estado de daño No para préstamo Colección Biblioteca de origen Biblioteca actual Ubicación en estantería Fecha de adquisición Fuente de adquisición Total de préstamos Signatura topográfica completa Código de barras Visto por última vez Precio de reemplazo Tipo de ítem Koha
        Colección de folletos Biblioteca del Ateneo de Madrid Biblioteca del Ateneo de Madrid Depósito folletos 17/01/2008     1950-F-18 1092024 23/02/2023 23/02/2023 Folleto